[Event "Regionalliga Sued-West 1718"]
[Site "Bayern"]
[Date "2018.02.25"]
[Round "7.6"]
[White "Katzameyer, Michael"]
[Black "Braun, Thomas1111"]
[Result "0-1"]
[WhiteElo "1918"]
[BlackElo "2066"]
[PlyCount "120"]
[EventDate "2017.10.22"]
[EventType "team-tourn"]
[EventRounds "9"]
[EventCountry "GER"]
[SourceTitle "EXT 2022"]
[Source "ChessBase"]
[SourceDate "2021.10.06"]
[SourceVersion "1"]
[SourceVersionDate "2021.10.06"]
[SourceQuality "1"]
[WhiteTeam "Altstadt Roter Turm"]
[BlackTeam "Muenchen FC Bayern"]
[WhiteTeamCountry "GER"]
[BlackTeamCountry "GER"]

1. d4 Nf6 2. Nf3 d5 3. c3 e6 4. Bf4 Bd6 5. Bg3 Ne4 6. Nbd2 Nxg3 7. hxg3 c5 8. e3 Nc6 9. Bd3 h6 10. Qe2 Bd7 11. Rd1 Qe7 12. e4 cxd4 13. cxd4 Nb4 14. e5 Bc7 15. Bb1 a6 16. a3 Bb5 17. Qe3 Nc6 18. g4 0-0-0 19. Rc1 Kb8 20. Bd3 Bxd3 21. Qxd3 Bb6 22. 0-0 f6 23. Rfe1 h5 24. exf6 gxf6 25. g5 fxg5 26. Rxc6 bxc6 27. Ne5 Kb7 28. Ng6 Qf6 29. Nxh8 Rxh8 30. Nf3 h4 31. Ne5 Rf8 32. Qc2 Rc8 33. Nd7 Qxd4 34. Nxb6 Qxb6 35. Rxe6 g4 36. Qh7+ Rc7 37. Qxh4 Qxb2 38. Rh6 Qxa3 39. Rh8 Qa1+ 40. Kh2 Qe5+ 41. Kg1 Rd7 42. Rh5 Qe4 43. Rh8 d4 44. Qg3 Qb1+ 45. Kh2 Rh7+ 46. Rxh7+ Qxh7+ 47. Kg1 Qd7 48. Qb3+ Ka7 49. Qb4 Qd5 50. Qe7+ Kb6 51. Qb4+ Kc7 52. Qe7+ Qd7 53. Qe5+ Kb6 54. Kf1 c5 55. Ke1 Qc6 56. f4 gxf3 57. gxf3 Qxf3 58. Qb8+ Qb7 59. Qd8+ Ka7 60. Kd2 Qb2+ 0-1

[Event "Regionalliga Sued-West 1718"]
[Site "Bayern"]
[Date "2018.01.21"]
[Round "5.7"]
[White "Essler, Richard"]
[Black "Katzameyer, Michael"]
[Result "1/2-1/2"]
[WhiteElo "1878"]
[BlackElo "1918"]
[PlyCount "32"]
[EventDate "2017.10.22"]
[EventType "team-tourn"]
[EventRounds "9"]
[EventCountry "GER"]
[SourceTitle "EXT 2022"]
[Source "ChessBase"]
[SourceDate "2021.10.06"]
[SourceVersion "1"]
[SourceVersionDate "2021.10.06"]
[SourceQuality "1"]
[WhiteTeam "Mering"]
[BlackTeam "Altstadt Roter Turm"]
[WhiteTeamCountry "GER"]
[BlackTeamCountry "GER"]

1. e4 d6 2. d4 Nf6 3. Nc3 e5 4. Nf3 Nbd7 5. Bc4 Be7 6. 0-0 c6 7. a4 0-0 8. h3 b6 9. Be3 a6 10. Qe2 Qc7 11. Rfd1 Bb7 12. Bg5 b5 13. Ba2 b4 14. Nb1 a5 15. Nbd2 Nb6 16. Bb3 Rfe8 1/2-1/2

[Event "Regionalliga Sued-West 1718"]
[Site "Bayern"]
[Date "2017.11.12"]
[Round "2.7"]
[White "Wimmer, Martin1111"]
[Black "Katzameyer, Michael"]
[Result "1-0"]
[WhiteElo "2039"]
[BlackElo "1918"]
[PlyCount "93"]
[EventDate "2017.10.22"]
[EventType "team-tourn"]
[EventRounds "9"]
[EventCountry "GER"]
[SourceTitle "EXT 2022"]
[Source "ChessBase"]
[SourceDate "2021.10.06"]
[SourceVersion "1"]
[SourceVersionDate "2021.10.06"]
[SourceQuality "1"]
[WhiteTeam "Garching III"]
[BlackTeam "Altstadt Roter Turm"]
[WhiteTeamCountry "GER"]
[BlackTeamCountry "GER"]

1. e4 d6 2. d4 Nf6 3. f3 e5 4. dxe5 dxe5 5. Qxd8+ Kxd8 6. Bc4 Ke8 7. Be3 Nbd7 8. Nd2 Bd6 9. Ne2 Nb6 10. Rd1 Ke7 11. Nc1 Be6 12. Bxe6 Kxe6 13. Nd3 Rhe8 14. b3 Rad8 15. Ke2 Bf8 16. a4 Nfd7 17. g4 f6 18. h4 Be7 19. Nf1 Nc8 20. Ng3 b6 21. Nf5 Bf8 22. h5 h6 23. a5 Nd6 24. Nb4 Nb8 25. Nd5 Rc8 26. axb6 cxb6 27. c4 Nc6 28. Rd2 Nb7 29. Rhd1 Nca5 30. Rd3 Nc5 31. Bxc5 bxc5 32. Ra1 Nc6 33. Ra6 Kf7 34. Nc3 Rc7 35. Nb5 Nb4 36. Nxc7 Nxd3 37. Kxd3 Rd8+ 38. Kc2 g6 39. hxg6+ Kxg6 40. Ne6 Re8 41. Nxf8+ Rxf8 42. Rxa7 Kg5 43. Kd3 Kf4 44. Ke2 h5 45. gxh5 Rg8 46. Rg7 Ra8 47. Rg4# 1-0

[Event "Regionalliga SW 1314"]
[Site "Bayern"]
[Date "2014.03.16"]
[Round "8.3"]
[White "Katzameyer, Michael"]
[Black "Neiss, Josef Martin"]
[Result "1/2-1/2"]
[WhiteElo "1909"]
[BlackElo "1995"]
[PlyCount "64"]
[EventDate "2013.10.13"]
[EventType "team-tourn"]
[EventRounds "9"]
[EventCountry "GER"]
[SourceTitle "EXT 2015"]
[Source "ChessBase"]
[SourceDate "2014.11.20"]
[SourceVersion "1"]
[SourceVersionDate "2014.11.20"]
[SourceQuality "1"]
[WhiteTeam "Muenchen RTA"]
[BlackTeam "Mering"]
[WhiteTeamCountry "GER"]
[BlackTeamCountry "GER"]

1. e4 c6 2. d4 d5 3. exd5 cxd5 4. c4 Nf6 5. Nf3 Nc6 6. Nc3 Bg4 7. cxd5 Nxd5 8. Qb3 Bxf3 9. gxf3 e6 10. Qxb7 Nxd4 11. Bb5+ Nxb5 12. Qc6+ Ke7 13. Qxb5 Nxc3 14. Qc5+ Qd6 15. Qxc3 Qa6 16. Be3 Rd8 17. Rc1 f6 18. Qc4 Qb7 19. 0-0 Kf7 20. Rfe1 Bb4 21. Qc7+ Rd7 22. Qxb7 Rxb7 23. Re2 Rd8 24. f4 Kg6 25. Kg2 Kf5 26. Kf3 Rd3 27. Rec2 Bd6 28. Ke2 Rd5 29. Kf3 g6 30. h3 a5 31. b3 Rd7 32. Rc4 Bb4 1/2-1/2

[Event "Regionalliga SW 1112"]
[Site "Bayern"]
[Date "2011.11.20"]
[Round "3.5"]
[White "Katzameyer, Michael"]
[Black "Tudosa, Daniel"]
[Result "1/2-1/2"]
[WhiteElo "1957"]
[BlackElo "1988"]
[PlyCount "121"]
[EventDate "2011.10.02"]
[EventType "team-tourn"]
[EventRounds "9"]
[EventCountry "GER"]
[SourceTitle "EXT 2013"]
[Source "ChessBase"]
[SourceDate "2012.11.22"]
[SourceVersion "1"]
[SourceVersionDate "2012.11.22"]
[SourceQuality "1"]
[WhiteTeam "Muenchen RTA"]
[BlackTeam "Tuerkheim/Bad Woerishofen"]
[WhiteTeamCountry "GER"]
[BlackTeamCountry "GER"]

1. d4 Nf6 2. Nf3 e6 3. e3 b6 4. Bd3 Bb7 5. 0-0 Be7 6. c4 0-0 7. Nc3 d6 8. e4 c5 9. d5 e5 10. a3 h6 11. b4 Nbd7 12. Nd2 Nh7 13. Nb3 Rc8 14. Qh5 Ba6 15. b5 Bb7 16. a4 Bg5 17. Bxg5 Nxg5 18. a5 Nf6 19. Qe2 Ra8 20. Ra2 g6 21. h4 Ngh7 22. g3 Qd7 23. Kg2 Nh5 24. Nd2 N7f6 25. Rfa1 Kg7 26. axb6 axb6 27. Na4 Qc7 28. Nf1 Bc8 29. Ne3 Qd7 30. Rh1 Qc7 31. Rha1 Bb7 32. Nc3 Rxa2 33. Rxa2 Ra8 34. Rxa8 Bxa8 35. Qa2 Qb8 36. Be2 Bb7 37. Bxh5 Nxh5 38. Na4 Bc8 39. Nc3 Qc7 40. Ne2 f5 41. exf5 gxf5 42. f4 exf4 43. Nxf4 Nxf4+ 44. gxf4 Qe7 45. Qf2 Kh7 46. Kh3 Bd7 47. Qf3 Be8 48. Kg3 Bg6 49. Ng2 Qf6 50. Qe2 Bf7 51. Kh2 Kg7 52. Kg3 Kf8 53. Kf2 Qd4+ 54. Kg3 Qg1 55. Qd3 Qc1 56. Qe2 Kg7 57. Ne3 Kf6 58. Ng2 Qc3+ 59. Kf2 Qb3 60. Ne3 Qb1 61. Qc2 1/2-1/2

[Event "Regionalliga SW 0405"]
[Site "Bayern"]
[Date "2004.11.14"]
[Round "2.4"]
[White "Katzameyer, Michael"]
[Black "Schaffranietz, Horst"]
[Result "0-1"]
[WhiteElo "2026"]
[BlackElo "1866"]
[PlyCount "132"]
[EventDate "2004.10.24"]
[EventType "team-tourn"]
[EventRounds "9"]
[EventCountry "GER"]
[SourceTitle "EXT 2007"]
[Source "ChessBase"]
[SourceDate "2006.11.23"]
[SourceVersion "1"]
[SourceVersionDate "2006.11.23"]
[SourceQuality "1"]
[WhiteTeam "Muenchen RTA"]
[BlackTeam "Pasing II"]
[WhiteTeamCountry "GER"]
[BlackTeamCountry "GER"]

1. e4 e5 2. Nf3 Nc6 3. d3 Nf6 4. Be2 d5 5. Nbd2 dxe4 6. dxe4 Bc5 7. 0-0 Qe7 8. c3 Bg4 9. Qc2 0-0-0 10. b4 Bb6 11. a4 a5 12. b5 Nb8 13. Nc4 Bxf3 14. Bxf3 Nbd7 15. Nxb6+ cxb6 16. Be2 Nc5 17. f3 h5 18. Be3 h4 19. Bc4 h3 20. g3 Nh5 21. Qf2 g5 22. Bxc5 bxc5 23. Rfd1 b6 24. Qf1 Nf6 25. Rxd8+ Rxd8 26. Rd1 g4 27. fxg4 Rxd1 28. Qxd1 Nxe4 29. Qd5 Nd6 30. Qa8+ Kd7 31. Qc6+ Kd8 32. Qxb6+ Qc7 33. Qxc7+ Kxc7 34. Bd5 f6 35. Kf2 Nc8 36. Bb3 Nb6 37. Ke3 c4 38. Bd1 Nd5+ 39. Kd2 Kd6 40. Bf3 Nb6 41. Bd1 e4 42. Ke3 Ke5 43. Be2 Nd5+ 44. Kd2 e3+ 45. Kc2 Nb6 46. Bf1 Ke4 47. Kd1 Kf3 48. Ke1 Nxa4 49. Bxc4 Nb6 50. Be6 Kg2 51. c4 Na4 52. Ke2 Nc5 53. Bd5+ Kxh2 54. b6 a4 55. Kxe3 a3 56. Kd4 a2 57. Kxc5 a1Q 58. b7 Qa7+ 59. Kc6 Qb8 60. Kb6 Kxg3 61. c5 Kf4 62. c6 Qd6 63. Ka7 Qc7 64. Ka8 Qa5+ 65. Kb8 Qxd5 66. c7 Qd6 0-1

[Event "Regionalliga SW 0405"]
[Site "Bayern"]
[Date "2004.10.24"]
[Round "1.3"]
[White "Katzameyer, Michael"]
[Black "Otte, Marco"]
[Result "0-1"]
[WhiteElo "2026"]
[BlackElo "2042"]
[PlyCount "46"]
[EventDate "2004.10.24"]
[EventType "team-tourn"]
[EventRounds "9"]
[EventCountry "GER"]
[SourceTitle "EXT 2007"]
[Source "ChessBase"]
[SourceDate "2006.11.23"]
[SourceVersion "1"]
[SourceVersionDate "2006.11.23"]
[SourceQuality "1"]
[WhiteTeam "Muenchen RTA"]
[BlackTeam "Muenchen Tarrasch II"]
[WhiteTeamCountry "GER"]
[BlackTeamCountry "GER"]

1. e4 a6 2. d3 b5 3. g3 Bb7 4. Bg2 f5 5. Nh3 Nf6 6. Qe2 Nc6 7. c3 fxe4 8. dxe4 e5 9. 0-0 Be7 10. Be3 0-0 11. a4 Kh8 12. Rd1 bxa4 13. Rxa4 a5 14. Rd2 Ba6 15. Qd1 Bb5 16. Ra1 a4 17. c4 Bxc4 18. Rxa4 Na5 19. Qc1 Bb5 20. Rxa5 Rxa5 21. Qc3 c6 22. Qxe5 Bd3 23. Qc3 Bxb1 0-1

[Event "Regionalliga SW 0304"]
[Site "Bayern"]
[Date "2003.11.23"]
[Round "3.4"]
[White "Katzameyer, Michael"]
[Black "Czap, Bernhard"]
[Result "1-0"]
[WhiteElo "2038"]
[BlackElo "1979"]
[PlyCount "129"]
[EventDate "2003.10.??"]
[EventType "team"]
[EventRounds "9"]
[EventCountry "GER"]
[SourceTitle "EXT 2006"]
[Source "ChessBase"]
[SourceDate "2005.11.24"]
[SourceVersion "1"]
[SourceVersionDate "2005.11.24"]
[SourceQuality "1"]
[WhiteTeam "Muenchen RTA"]
[BlackTeam "Unterhaching"]
[WhiteTeamCountry "GER"]
[BlackTeamCountry "GER"]

1. e4 c5 2. d3 Nc6 3. f4 e6 4. Nf3 d5 5. Be2 Nf6 6. e5 Ng8 7. 0-0 h5 8. c3 Nh6 9. Na3 Nf5 10. Nc2 Qb6 11. Kh1 Bd7 12. Rb1 h4 13. Ne3 Nce7 14. d4 cxd4 15. Nxf5 Nxf5 16. Nxd4 Nxd4 17. cxd4 g6 18. Be3 Be7 19. Bd3 Bb5 20. Qe2 Bxd3 21. Qxd3 Rc8 22. b3 Kd7 23. Rfc1 Ba3 24. Rxc8 Rxc8 25. Bf2 Qc6 26. h3 Qc2 27. Qb5+ Kc7 28. Rg1 Qxf2 29. Qa5+ Kb8 30. Qxa3 Qxd4 31. Qd6+ Ka8 32. Qd7 Kb8 33. Qxf7 a6 34. Qxe6 Qxf4 35. Qxd5 Re8 36. e6 Qe3 37. Qd6+ Ka8 38. e7 Rxe7 39. Qxg6 Qf2 40. Qd6 Re2 41. a4 Rd2 42. Qc7 Rb2 43. Qc4 Rc2 44. Qg8+ Ka7 45. Qg4 Rd2 46. Rd1 Rxd1+ 47. Qxd1 b6 48. Qd7+ Kb8 49. Qd6+ Kb7 50. Kh2 a5 51. Qd7+ Kb8 52. Qe8+ Ka7 53. Qd7+ Kb8 54. Qg4 Ka7 55. Qf3 Qd2 56. Qf7+ Kb8 57. Qe8+ Kb7 58. Qe7+ Ka6 59. Qxh4 Qd6+ 60. Qg3 Qe6 61. h4 Qe8 62. Qf3 b5 63. Qd3 Qe5+ 64. g3 Kb6 65. Qxb5+ 1-0

[Event "Regionalliga SW 0304"]
[Site "Bayern"]
[Date "2003.11.02"]
[Round "2.4"]
[White "Begna, Bozidar"]
[Black "Katzameyer, Michael"]
[Result "1/2-1/2"]
[WhiteElo "2022"]
[BlackElo "2038"]
[PlyCount "25"]
[EventDate "2003.10.??"]
[EventType "team"]
[EventRounds "9"]
[EventCountry "GER"]
[SourceTitle "EXT 2006"]
[Source "ChessBase"]
[SourceDate "2005.11.24"]
[SourceVersion "1"]
[SourceVersionDate "2005.11.24"]
[SourceQuality "1"]
[WhiteTeam "Muenchen Tarrasch II"]
[BlackTeam "Muenchen RTA"]
[WhiteTeamCountry "GER"]
[BlackTeamCountry "GER"]

1. e4 d6 2. d4 Nf6 3. Nc3 e5 4. dxe5 dxe5 5. Qxd8+ Kxd8 6. Bc4 Ke8 7. f3 c6 8. Be3 b5 9. Bb3 Nbd7 10. a4 b4 11. Nb1 Bc5 12. Bxc5 Nxc5 13. Bc4 1/2-1/2

[Event "Regionalliga SW 0304"]
[Site "Bayern"]
[Date "2003.10.12"]
[Round "1.4"]
[White "Katzameyer, Michael"]
[Black "Martin, Milan"]
[Result "1-0"]
[WhiteElo "2038"]
[BlackElo "2022"]
[PlyCount "81"]
[EventDate "2003.10.??"]
[EventType "team"]
[EventRounds "9"]
[EventCountry "GER"]
[SourceTitle "EXT 2006"]
[Source "ChessBase"]
[SourceDate "2005.11.24"]
[SourceVersion "1"]
[SourceVersionDate "2005.11.24"]
[SourceQuality "1"]
[WhiteTeam "Muenchen RTA"]
[BlackTeam "Muenchen 77 Nord"]
[WhiteTeamCountry "GER"]
[BlackTeamCountry "GER"]

1. d3 e5 2. Nf3 Nc6 3. e4 Nf6 4. c3 d5 5. Qc2 Be7 6. Be2 0-0 7. b4 a6 8. a3 Bg4 9. 0-0 Qd7 10. Re1 Rfe8 11. Nbd2 Rad8 12. Bb2 Nh5 13. exd5 Qxd5 14. c4 Qe6 15. Bf1 f6 16. b5 Nb8 17. d4 Bf5 18. Qa4 e4 19. c5 Nf4 20. Bc4 Nd5 21. bxa6 Nxa6 22. Nh4 Bf8 23. Nxf5 Qxf5 24. Qc2 Kh8 25. f3 Qf4 26. Bxd5 Rxd5 27. Nxe4 Red8 28. Qb3 b6 29. cxb6 c5 30. Qd3 Nb8 31. a4 Nc6 32. a5 Qb8 33. Bc3 Ne5 34. Qb1 cxd4 35. Bd2 f5 36. Nf2 Nc4 37. Bg5 Rc8 38. b7 Rc7 39. a6 Bc5 40. Bf4 Nd6 41. Qb3 1-0

[Event "Regionalliga SW 9596"]
[Site "Bayern"]
[Date "1996.??.??"]
[Round "?"]
[White "Dickl, Errol"]
[Black "Katzameyer, Michael"]
[Result "1-0"]
[WhiteElo "2065"]
[BlackElo "1995"]
[PlyCount "65"]
[EventDate "1995.10.??"]
[EventType "team-tourn"]
[EventRounds "9"]
[EventCountry "GER"]
[SourceTitle "EXT 1999"]
[Source "ChessBase"]
[SourceDate "1998.11.16"]
[SourceVersion "1"]
[SourceVersionDate "1998.11.16"]
[SourceQuality "1"]
[WhiteTeam "Garching"]
[BlackTeam "Muenchen RT"]
[WhiteTeamCountry "GER"]
[BlackTeamCountry "GER"]

1. Nf3 d5 2. d3 Nf6 3. Nbd2 c5 4. e4 e6 5. g3 Nc6 6. Bg2 Be7 7. 0-0 0-0 8. e5 Nd7 9. Re1 b5 10. Nf1 a5 11. Bf4 b4 12. h4 a4 13. c4 bxc3 14. bxc3 Qa5 15. c4 Nb6 16. Ne3 Rd8 17. Ng5 h6 18. Nh3 Nd4 19. Qh5 Nf5 20. Nxf5 exf5 21. e6 Bxe6 22. Bc7 Rd7 23. cxd5 g6 24. dxe6 Rxc7 25. Qxh6 Bf6 26. exf7+ Rxf7 27. Qxg6+ Kf8 28. Rab1 Rd8 29. Nf4 Rd6 30. Ne6+ Rxe6 31. Rxe6 Nd7 32. Bd5 Bd4 33. Qxf7+ 1-0

[Event "Regionalliga SW 9596"]
[Site "Bayern"]
[Date "1996.??.??"]
[Round "?"]
[White "Katzameyer, Michael"]
[Black "Wolf, Thomas"]
[Result "0-1"]
[WhiteElo "1995"]
[BlackElo "2080"]
[PlyCount "88"]
[EventDate "1995.10.??"]
[EventType "team-tourn"]
[EventRounds "9"]
[EventCountry "GER"]
[SourceTitle "EXT 1999"]
[Source "ChessBase"]
[SourceDate "1998.11.16"]
[SourceVersion "1"]
[SourceVersionDate "1998.11.16"]
[SourceQuality "1"]
[WhiteTeam "Muenchen RT"]
[BlackTeam "Sonthofen"]
[WhiteTeamCountry "GER"]
[BlackTeamCountry "GER"]

1. e4 e5 2. Nf3 Nc6 3. d3 Nf6 4. Be2 d5 5. Nbd2 Bc5 6. c3 a5 7. 0-0 0-0 8. b3 Bg4 9. h3 Bxf3 10. Bxf3 d4 11. c4 a4 12. bxa4 Nd7 13. Qb3 Nb6 14. Bd1 Rxa4 15. Qb5 Ra5 16. Qb1 Ra7 17. a4 Bb4 18. f4 Bc3 19. Ra2 exf4 20. Rxf4 Nb4 21. Ra3 Qd6 22. Nf3 c5 23. Rf5 f6 24. a5 Nd7 25. Bf4 Qe7 26. Bc7 g6 27. Rf4 b6 28. Rxc3 dxc3 29. axb6 Ra2 30. Ne1 Nxb6 31. Bxb6 Qd6 32. e5 Qxb6 33. Bf3 Qa5 34. Qc1 Nxd3 35. Bd5+ Kh8 36. Rxf6 Nxc1 37. Rxf8+ Kg7 38. Rg8+ Kh6 39. Nf3 Ne2+ 40. Kh2 c2 41. g4 c1Q 42. g5+ Kh5 43. Be6 Qf4+ 44. Kg2 Qg3+ 0-1

[Event "Regionalliga SW 9596"]
[Site "Bayern"]
[Date "1995.??.??"]
[Round "?"]
[White "Katzameyer, Michael"]
[Black "Schoenbauer, Max"]
[Result "1/2-1/2"]
[WhiteElo "1995"]
[BlackElo "2085"]
[PlyCount "131"]
[EventDate "1995.10.??"]
[EventType "team-tourn"]
[EventRounds "9"]
[EventCountry "GER"]
[SourceTitle "EXT 1999"]
[Source "ChessBase"]
[SourceDate "1998.11.16"]
[SourceVersion "1"]
[SourceVersionDate "1998.11.16"]
[SourceQuality "1"]
[WhiteTeam "Muenchen RT"]
[BlackTeam "Muenchen FC Bayern II"]
[WhiteTeamCountry "GER"]
[BlackTeamCountry "GER"]

1. e4 d6 2. d4 Nf6 3. Nc3 c6 4. f4 Qa5 5. e5 Ne4 6. Qf3 Nxc3 7. Bd2 Bf5 8. Bd3 Bxd3 9. cxd3 Qd5 10. bxc3 Qxf3 11. Nxf3 e6 12. c4 Nd7 13. Rb1 b6 14. Ke2 Be7 15. Rhc1 0-0 16. Bb4 c5 17. Ba3 Rfe8 18. g3 Rac8 19. exd6 Bxd6 20. dxc5 Bxc5 21. Bxc5 Rxc5 22. Rb5 Rc7 23. d4 Rec8 24. Kd3 f6 25. Nd2 Rd8 26. Ke3 Rdc8 27. Re1 Nf8 28. Reb1 Ng6 29. a4 Ne7 30. g4 Rd8 31. R1b3 Rcd7 32. Rd3 Nc6 33. Nb3 Kf7 34. h3 g6 35. c5 Ne7 36. cxb6 axb6 37. Kf3 Nd5 38. a5 bxa5 39. Rxa5 Nb4 40. Rd2 Nc6 41. Rb5 Nxd4+ 42. Nxd4 Rxd4 43. Rxd4 Rxd4 44. Rb7+ Kg8 45. h4 Rd3+ 46. Kg2 Re3 47. g5 fxg5 48. hxg5 e5 49. Rb8+ Kf7 50. Rb7+ Ke6 51. fxe5 Rxe5 52. Rxh7 Kf5 53. Ra7 Kxg5 54. Ra3 Re2+ 55. Kg3 Kf5 56. Kf3 Rb2 57. Kg3 g5 58. Rc3 Rb1 59. Ra3 Rg1+ 60. Kf2 Rg4 61. Rb3 Re4 62. Kg2 Kg6 63. Rf3 Rf4 64. Ra3 Kf5 65. Rb3 Re4 66. Kg3 1/2-1/2

[Event "Regionalliga SW 9495"]
[Site "Bayern"]
[Date "1995.??.??"]
[Round "?.5"]
[White "Voss, Armin"]
[Black "Katzameyer, Michael"]
[Result "0-1"]
[WhiteElo "1995"]
[BlackElo "1970"]
[PlyCount "58"]
[EventDate "1994.10.??"]
[EventType "team-tourn"]
[EventRounds "9"]
[EventCountry "GER"]
[SourceTitle "EXT 1999"]
[Source "ChessBase"]
[SourceDate "1998.11.16"]
[SourceVersion "1"]
[SourceVersionDate "1998.11.16"]
[SourceQuality "1"]
[WhiteTeam "Augsburg SG 1873"]
[BlackTeam "Muenchen RT"]
[WhiteTeamCountry "GER"]
[BlackTeamCountry "GER"]

1. e4 e5 2. Nc3 Nf6 3. f4 d5 4. fxe5 Nxe4 5. d3 Nxc3 6. bxc3 c5 7. Nf3 Nc6 8. Be2 Bg4 9. 0-0 Be7 10. Qe1 0-0 11. Qg3 Bh5 12. Bd2 Qd7 13. Rae1 Rae8 14. c4 Bg6 15. cxd5 Qxd5 16. a3 Bd8 17. Bd1 Bc7 18. Bf4 Re7 19. Rf2 Rfe8 20. Rfe2 Ba5 21. Bd2 Bxd2 22. Nxd2 Nd4 23. Rf2 Rxe5 24. Rxe5 Qxe5 25. Qxe5 Rxe5 26. Nc4 Re6 27. Bg4 Re1+ 28. Rf1 Rxf1+ 29. Kxf1 Nxc2 0-1

[Event "Imperia op-A 36th"]
[Site "Imperia"]
[Date "1994.09.09"]
[Round "7.25"]
[White "Katzameyer, Michael"]
[Black "Kramer, Stefan"]
[Result "0-1"]
[WhiteElo "2000"]
[BlackElo "2200"]
[PlyCount "66"]
[EventDate "1994.09.03"]
[EventType "swiss"]
[EventRounds "9"]
[EventCountry "ITA"]
[SourceTitle "EXT 2024"]
[Source "ChessBase"]
[SourceDate "2023.10.10"]
[SourceVersion "1"]
[SourceVersionDate "2023.10.10"]
[SourceQuality "1"]

1. e4 e6 2. d4 d5 3. e5 c5 4. c3 Nc6 5. Nf3 Bd7 6. Be2 Nge7 7. 0-0 cxd4 8. cxd4 Nf5 9. Nc3 Rc8 10. Kh1 a6 11. Be3 Be7 12. Rc1 0-0 13. Bd3 Nxe3 14. fxe3 f6 15. exf6 Bxf6 16. Bb1 Ne7 17. Qb3 Bc6 18. e4 g6 19. e5 Bg7 20. Rce1 Nf5 21. Bd3 Bh6 22. Nd1 Nh4 23. Be2 Nxf3 24. Rxf3 Qh4 25. Qb4 Rxf3 26. Bxf3 Bf4 27. g3 Bxg3 28. Re2 Rf8 29. Qc3 Qh3 30. Rg2 Bxe5 31. Nf2 Qxf3 32. Qxf3 Rxf3 33. dxe5 Re3 0-1

[Event "Imperia op-A 36th"]
[Site "Imperia"]
[Date "1994.09.05"]
[Round "3.32"]
[White "Katzameyer, Michael"]
[Black "Getta, Markus"]
[Result "1-0"]
[WhiteElo "2000"]
[BlackElo "2055"]
[PlyCount "69"]
[EventDate "1994.09.03"]
[EventType "swiss"]
[EventRounds "9"]
[EventCountry "ITA"]
[SourceTitle "EXT 2024"]
[Source "ChessBase"]
[SourceDate "2023.10.10"]
[SourceVersion "1"]
[SourceVersionDate "2023.10.10"]
[SourceQuality "1"]

1. e4 c5 2. b3 Nc6 3. Bb2 e6 4. Nf3 d6 5. Bb5 Bd7 6. 0-0 a6 7. Bxc6 Bxc6 8. d3 Ne7 9. Ng5 e5 10. f4 Ng6 11. Nh3 exf4 12. Nxf4 Qd7 13. Nd2 Nxf4 14. Rxf4 0-0-0 15. Nc4 Kb8 16. Na5 d5 17. Nxc6+ Qxc6 18. e5 Qe6 19. Qf3 Rd7 20. d4 cxd4 21. Bxd4 Rc7 22. Qf2 Bb4 23. Ba7+ Ka8 24. Rxb4 Qxe5 25. Bd4 Qd6 26. c3 Re8 27. Re1 Rxe1+ 28. Qxe1 Re7 29. Qf1 Qg6 30. Rb6 Qc2 31. Rd6 Kb8 32. Rxd5 Qxa2 33. Bb6 Re8 34. Qd1 Rc8 35. Rd8 1-0